000 00930cam a2200241 a 4500
003 CO-ViMGA
005 20230915224041.0
008 990307s1998 sp a r 00010bspa d
020 _a8478443878
040 _aCO-ViMGA
_bspa
_cCO-ViMGA
041 1 _heng
082 0 4 _a928.4
_bN45a
100 1 _aNin, Anais,
_d1903-1977.
_911314
245 1 0 _aIncesto :
_bDiario amoroso /
_cAnais Nin ; introducción Rupert Pole ; Notas biográficas Gunther Stuhlmann ; traducción José Luis Fernández-Villanueva Cencio.
260 _aMadrid :
_bEdiciones Siruela,
_c1998.
300 _a492 p. :
_bil. ;
_c22 cm.
534 _pTítulo original.
_tA journal of love: Incest. The unexpurgated diary of Anai Nin, 1932-1934.
600 1 6 _aNin, Anais,
_d1903-1977.
_911314
700 1 _aFernández-Villanueva Cencio, José Luis,
_etr.
_911317
700 1 _aPole, Rupert.
_911315
700 1 _aStuhlmann, Gunther.
_911316
942 _2ddc
_cBK
999 _c11236
_d11236